| 000 | 00461nam a2200157 a 4500 | ||
|---|---|---|---|
| 005 | 20140412111222.0 | ||
| 008 | 010131s19uu xx 00 eng d | ||
| 020 | _a971-121-173-4 | ||
| 050 |
_aFil 979.8 _bB48 1993 |
||
| 100 | _aBigornia, M. L. | ||
| 245 |
_aSi Ivik: ang batang eskimo / _cM. L. Bigornia and Albert E. Gamos. |
||
| 260 |
_aQuezon City, M.M : _bChildren's Comm. Center, _c1993. |
||
| 300 | _a1 v. (unp.) | ||
| 650 | _aEskimos | ||
| 999 |
_c101952 _d101952 |
||